000 00728nam a22002055i 4500
001 165787
003 ES-MaACL
005 20250724094356.0
008 050907s1877 gw b | |||||||| ||ger d
040 _aCAM
_bspa
_cCAM
100 1 _aStieler, Adolf.
_9108209
245 1 0 _aHandAtlas über und alle theile der Erde über das Weltgebäude /
_cherausgegeben von Adolf Stieler.
260 _aGotha :
_bJustus Perthes,
_c[s.a.] (
_fEngelhard-Keyher'schen Hofbuchdruckerei)
300 _a[2] p., 90 h. dobles de mapas, 11 p. ;
_c37 cm.
596 _aEn los mapas consta la fecha 1877.
650 7 _aAtlas
_2embne
_910407
752 _aAlemania -
_dGotha
852 _aES-MaACL
_jB-1424
_z-- Enc. hol.
999 _c165787
_d165787